000 00525nam a22002057a 4500
003 AM-YEHGA
005 20250617164603.0
008 221021s1964 gw ||||| |||| 00| 0 ger d
040 _aAM-YeHGA
041 0 _ager
100 1 _aPalissa, Alfred
245 1 0 _aBodenzoologie in Wissenschaft, Naturhaushalt und Wirtscaft /
_cAlfred Palissa.
260 _aBerlin :
_bAkademie Verlag,
_c1964.
300 _a183 p.
440 0 _aWTB
_vbd. 17
650 1 4 _aZoology
942 _2udc
_cBK
001 1865293
090 _c563819
999 _c526234
_d526234